[Event "Llinars del Valles op-A 12th"]
[Site "Llinars del Valles"]
[Date "2018.05.26"]
[Round "6"]
[White "Muhammad, Shiekh Ali"]
[Black "Carranza Font, Joan"]
[Result "1/2-1/2"]
[WhiteElo "1734"]
[BlackElo "1792"]
[PlyCount "38"]
[EventDate "2018.04.14"]
[EventType "swiss"]
[EventRounds "8"]
[EventCountry "ESP"]
[SourceTitle "CBM 184 Extra"]
[Source "ChessBase"]
[SourceDate "2018.06.28"]
[SourceVersion "1"]
[SourceVersionDate "2018.06.28"]
[SourceQuality "1"]

1. e4 e5 2. Nf3 Nc6 3. Bc4 Nf6 4. d3 Be7 5. c3 d6 6. Bb3 Na5 7. Bc2 c5 8. a4 Nc6 9. 0-0 0-0 10. Re1 Re8 11. h3 h6 12. Nbd2 Bf8 13. Nf1 d5 14. Ng3 d4 15. Nh4 g6 16. Bd2 Nh7 17. Nf3 Nf6 18. Nh4 Nh7 19. Nf3 Nf6 1/2-1/2

[Event "Llinars del Valles op-A 12th"]
[Site "Llinars del Valles"]
[Date "2018.04.14"]
[Round "1"]
[White "Borges Ayats, Joaquim"]
[Black "Muhammad, Shiekh Ali"]
[Result "0-1"]
[WhiteElo "1996"]
[BlackElo "1733"]
[PlyCount "74"]
[EventDate "2018.04.14"]
[EventType "swiss"]
[EventRounds "8"]
[EventCountry "ESP"]
[SourceTitle "CBM 184 Extra"]
[Source "ChessBase"]
[SourceDate "2018.06.28"]
[SourceVersion "1"]
[SourceVersionDate "2018.06.28"]
[SourceQuality "1"]

1. e4 c5 2. Nf3 d6 3. d4 cxd4 4. Nxd4 Nf6 5. Nc3 a6 6. f4 Nbd7 7. Be2 e6 8. 0-0 Be7 9. Kh1 Qc7 10. Bf3 0-0 11. Re1 Rd8 12. Qe2 e5 13. Nf5 Bf8 14. fxe5 dxe5 15. Bg5 Re8 16. Qf2 b5 17. Qg3 Kh8 18. h3 Bb7 19. Rad1 Rac8 20. Bg4 Nxg4 21. Qxg4 Nc5 22. Ne3 f6 23. Ned5 Bxd5 24. Nxd5 Qc6 25. Bh4 Ne6 26. c3 a5 27. Re3 Nf4 28. Rf3 Rcd8 29. Rdf1 g5 30. Nxf6 Qxf6 31. Bxg5 Qg6 32. Rg3 Ne6 33. Bf6+ Bg7 34. Qf3 Qxf6 35. Qe2 Qe7 36. Qh5 Rf8 37. Re1 Qf7 0-1

[Event "Llinars del Valles op 11th"]
[Site "Llinars del Valles"]
[Date "2017.05.27"]
[Round "6"]
[White "Muhammad, Shiekh Ali"]
[Black "Toquero Gracia, Pau"]
[Result "1/2-1/2"]
[WhiteElo "1742"]
[BlackElo "1993"]
[PlyCount "41"]
[EventDate "2017.04.22"]
[EventType "swiss"]
[EventRounds "9"]
[EventCountry "ESP"]
[SourceTitle "EXT 2018"]
[Source "ChessBase"]
[SourceDate "2017.10.13"]
[SourceVersion "1"]
[SourceVersionDate "2017.10.13"]
[SourceQuality "1"]

1. e4 c5 2. g3 b6 3. Bg2 Bb7 4. d3 e6 5. f4 d6 6. Nf3 Be7 7. 0-0 Nc6 8. c3 Nf6 9. Nbd2 0-0 10. Nc4 d5 11. exd5 Nxd5 12. Qe1 Bf6 13. g4 b5 14. Nce5 Nce7 15. d4 cxd4 16. Nxd4 Bxe5 17. Qxe5 Ng6 18. Qe2 a6 19. f5 exf5 20. gxf5 Nh4 21. Bh1 1/2-1/2

[Event "Llinars del Valles op 11th"]
[Site "Llinars del Valles"]
[Date "2017.05.13"]
[Round "4"]
[White "Prats Safont, Sergi"]
[Black "Muhammad, Shiekh Ali"]
[Result "1/2-1/2"]
[WhiteElo "1791"]
[BlackElo "1742"]
[PlyCount "71"]
[EventDate "2017.04.22"]
[EventType "swiss"]
[EventRounds "9"]
[EventCountry "ESP"]
[SourceTitle "EXT 2018"]
[Source "ChessBase"]
[SourceDate "2017.10.13"]
[SourceVersion "1"]
[SourceVersionDate "2017.10.13"]
[SourceQuality "1"]

1. e4 c5 2. Nf3 d6 3. d4 cxd4 4. Qxd4 a6 5. Bg5 Nd7 6. Bc4 Qc7 7. Nc3 e6 8. 0-0 Ngf6 9. Bxf6 gxf6 10. a4 b6 11. Rad1 Bb7 12. Rfe1 Rc8 13. Bf1 Qc5 14. Qd3 Qb4 15. Rb1 Nc5 16. Qd4 Qxd4 17. Nxd4 Bg7 18. Rbd1 Rc7 19. f4 Ke7 20. g3 Rhc8 21. Bh3 Nd7 22. f5 e5 23. Nf3 Bh6 24. Nd2 Rxc3 25. bxc3 Rxc3 26. Nb1 Rxc2 27. Na3 Rc3 28. Nb1 Rc4 29. Bg2 Nc5 30. Nd2 Rc2 31. Nb1 Nxa4 32. Na3 Rc3 33. Nb1 Rc4 34. Na3 Rc3 35. Nb1 Rc4 36. Na3 1/2-1/2

[Event "Llinars del Valles op 11th"]
[Site "Llinars del Valles"]
[Date "2017.04.22"]
[Round "1"]
[White "Costa Trave, Jaume"]
[Black "Muhammad, Shiekh Ali"]
[Result "1-0"]
[WhiteElo "1985"]
[BlackElo "1742"]
[PlyCount "57"]
[EventDate "2017.04.22"]
[EventType "swiss"]
[EventRounds "9"]
[EventCountry "ESP"]
[SourceTitle "EXT 2018"]
[Source "ChessBase"]
[SourceDate "2017.10.13"]
[SourceVersion "1"]
[SourceVersionDate "2017.10.13"]
[SourceQuality "1"]

1. d4 Nf6 2. Nc3 g6 3. Bf4 Bg7 4. e4 d6 5. Bc4 0-0 6. f3 Nbd7 7. Qd2 Re8 8. Nge2 Nf8 9. 0-0-0 Be6 10. d5 Bd7 11. g4 c6 12. h4 Rc8 13. Bb3 cxd5 14. exd5 a6 15. h5 Nxg4 16. fxg4 Bxg4 17. hxg6 Nxg6 18. Rdg1 Qd7 19. Bh6 Be5 20. Nd4 b5 21. Nc6 Bf3 22. Nxe5 dxe5 23. Rh2 Qd6 24. Qe3 Qc5 25. Rf2 Qxe3+ 26. Bxe3 e4 27. Bd4 h5 28. d6 exd6 29. Rxg6+ 1-0

[Event "Vall del Tenes op 5th"]
[Site "Vall del Tenes"]
[Date "2016.06.03"]
[Round "7"]
[White "Rodriguez Saez, Gerard"]
[Black "Muhammad, Shiekh Ali"]
[Result "1-0"]
[WhiteElo "1815"]
[BlackElo "1926"]
[PlyCount "79"]
[EventDate "2016.04.08"]
[EventType "swiss"]
[EventRounds "8"]
[EventCountry "ESP"]
[SourceTitle "CBM 172 Extra"]
[Source "ChessBase"]
[SourceDate "2016.06.21"]
[SourceVersion "1"]
[SourceVersionDate "2016.06.21"]
[SourceQuality "1"]

1. e4 c5 2. Nc3 Nc6 3. f4 d6 4. Nf3 Nf6 5. Bc4 e6 6. 0-0 Be7 7. d3 Qc7 8. Qe1 a6 9. a3 b5 10. Ba2 Bb7 11. Qg3 Qb6 12. e5 Nh5 13. Qg4 g6 14. exd6 Bxd6 15. Bxe6 fxe6 16. Qxe6+ Ne7 17. Ne5 Qc7 18. Nf7 Rd8 19. Nxh8 Qc6 20. Ne4 c4 21. Be3 Bc7 22. Qxc6+ Bxc6 23. g4 cxd3 24. Nc5 Ng7 25. cxd3 Bb6 26. Rfe1 Kf8 27. Ne6+ Nxe6 28. Bxb6 Rd6 29. f5 gxf5 30. gxf5 Nxf5 31. Rf1 Kg7 32. Rxf5 Kxh8 33. Rf6 Bd7 34. Ba5 Rxd3 35. Bc3 Kg8 36. Raf1 Rd5 37. h4 Rd3 38. Kh2 Rd5 39. Rg1+ Ng7 40. Rxg7+ 1-0

[Event "Llinars del Valles op-B 9th"]
[Site "Llinars del Valles"]
[Date "2015.06.06"]
[Round "8"]
[White "Veciana Francesch, Josep"]
[Black "Muhammad, Shiekh Ali"]
[Result "1-0"]
[WhiteElo "1825"]
[BlackElo "1860"]
[PlyCount "71"]
[EventDate "2015.04.11"]
[EventType "swiss"]
[EventRounds "9"]
[EventCountry "ESP"]
[SourceTitle "EXT 2018"]
[Source "ChessBase"]
[SourceDate "2017.10.13"]
[SourceVersion "1"]
[SourceVersionDate "2017.10.13"]
[SourceQuality "1"]

1. c4 Nf6 2. g3 e6 3. Bg2 Nc6 4. d4 d5 5. c5 Be7 6. Nf3 0-0 7. Nc3 b6 8. cxb6 cxb6 9. 0-0 Bb7 10. a3 Rc8 11. b4 Bd6 12. Bg5 h6 13. Bxf6 Qxf6 14. e3 Bb8 15. Qb3 Ne7 16. Rfc1 Nf5 17. a4 a6 18. Rc2 g5 19. Rac1 g4 20. Ne1 h5 21. h4 Qe7 22. Ne2 Rcd8 23. Nd3 f6 24. Nef4 Qf7 25. a5 e5 26. dxe5 fxe5 27. Ne2 Nxh4 28. gxh4 Qf6 29. axb6 Kg7 30. Ng3 Qxh4 31. Nc5 Bc8 32. b7 Bd7 33. Nxd7 Rxd7 34. Rc8 Rxb7 35. Rxf8 Kxf8 36. Rc8+ 1-0

[Event "Llinars del Valles op-B 8th"]
[Site "Llinars del Valles"]
[Date "2015.04.25"]
[Round "3"]
[White "De Lomas Busquets, Biel"]
[Black "Muhammad, Shiekh Ali"]
[Result "0-1"]
[WhiteElo "1805"]
[BlackElo "1860"]
[PlyCount "56"]
[EventDate "2015.04.11"]
[EventType "swiss"]
[EventRounds "9"]
[EventCountry "ESP"]
[SourceTitle "EXT 2016"]
[Source "ChessBase"]
[SourceDate "2015.10.08"]
[SourceVersion "1"]
[SourceVersionDate "2015.10.08"]
[SourceQuality "1"]

1. e4 c5 2. Nf3 Nc6 3. d4 cxd4 4. Nxd4 e6 5. Nc3 g6 6. Bc4 Bg7 7. Be3 Nge7 8. Qd2 a6 9. 0-0-0 0-0 10. f3 b5 11. Bb3 Na5 12. g4 Nxb3+ 13. Nxb3 Nc6 14. Nc5 Ne5 15. Rdf1 Nc4 16. Qd3 Nxe3 17. Qxe3 Qc7 18. Nb3 Bb7 19. h4 Rac8 20. Kd2 b4 21. Qc5 bxc3+ 22. bxc3 Qxc5 23. Nxc5 Rxc5 24. Rh3 Rfc8 25. Rfh1 Rxc3 26. h5 Rxc2+ 27. Ke3 Be5 28. hxg6 R8c3# 0-1

[Event "Llinars del Valles op-B 8th"]
[Site "Llinars del Valles"]
[Date "2015.04.18"]
[Round "2"]
[White "Muhammad, Shiekh Ali"]
[Black "Rodriguez Saez, Gerard"]
[Result "0-1"]
[WhiteElo "1860"]
[BlackElo "1985"]
[PlyCount "84"]
[EventDate "2015.04.11"]
[EventType "swiss"]
[EventRounds "9"]
[EventCountry "ESP"]
[SourceTitle "EXT 2016"]
[Source "ChessBase"]
[SourceDate "2015.10.08"]
[SourceVersion "1"]
[SourceVersionDate "2015.10.08"]
[SourceQuality "1"]

1. e4 d5 2. exd5 Nf6 3. Nf3 Nxd5 4. d4 Bg4 5. Be2 e6 6. 0-0 Nd7 7. c4 N5f6 8. Nc3 Be7 9. Bf4 c6 10. Qd3 Nh5 11. Bg3 Nxg3 12. fxg3 Qb6 13. Kh1 0-0-0 14. Na4 Qa5 15. Qb3 Nf6 16. Rad1 h5 17. h3 Ne4 18. Nc3 Nxg3+ 19. Kg1 Nxf1 20. Kxf1 Bxf3 21. Bxf3 Qf5 22. Ne4 g5 23. Nf2 g4 24. hxg4 hxg4 25. Bxg4 Qf4 26. g3 Qf6 27. Qf3 Rxd4 28. Rxd4 Qxd4 29. Qxf7 Rf8 30. Qxe6+ Kb8 31. Qe2 Bc5 32. Bf3 Qf6 33. Kg2 Bxf2 34. Qxf2 Qh6 35. Qd4 Ka8 36. Qf2 Rh8 37. Qg1 Qd2+ 38. Kf1 Qxb2 39. Qf2 Qc1+ 40. Qe1 Qxc4+ 41. Qe2 Qc1+ 42. Qd1 Rh1+ 0-1

[Event "Llinars del Valles Tardor op 6th"]
[Site "Llinars del Valles"]
[Date "2014.11.07"]
[Round "5"]
[White "Castella Margarit, Joan Enric"]
[Black "Muhammad, Shiekh Ali"]
[Result "1/2-1/2"]
[WhiteElo "1899"]
[BlackElo "1856"]
[PlyCount "92"]
[EventDate "2014.10.03"]
[EventType "swiss"]
[EventRounds "8"]
[EventCountry "ESP"]
[SourceTitle "CBM 163 Extra"]
[Source "ChessBase"]
[SourceDate "2014.12.23"]
[SourceVersion "1"]
[SourceVersionDate "2014.12.23"]
[SourceQuality "1"]

1. d4 d5 2. c4 e6 3. Nc3 c6 4. Nf3 dxc4 5. e3 b5 6. a4 Bb4 7. Be2 Nf6 8. 0-0 Bxc3 9. bxc3 a5 10. Ne5 Bb7 11. Bf3 Qc8 12. Ba3 Nbd7 13. Rb1 Nxe5 14. dxe5 Nd5 15. Bxd5 exd5 16. Bd6 Ba6 17. e4 dxe4 18. Re1 Qe6 19. Rxe4 Rd8 20. Qf3 Rd7 21. Rd4 Bb7 22. Qg3 Qg6 23. Qxg6 hxg6 24. axb5 cxb5 25. Rxb5 Rh5 26. Rxa5 f6 27. Rc5 fxe5 28. Rxe5+ Rxe5 29. Bxe5 Rxd4 30. Bxd4 Kf7 31. h4 Be4 32. f3 Bd3 33. Kf2 Bf5 34. g4 Bb1 35. Ke3 Bd3 36. Kf4 Bb1 37. Kg5 Bd3 38. f4 Bc2 39. h5 gxh5 40. Kxh5 g6+ 41. Kg5 Bd3 42. f5 gxf5 43. gxf5 Bc2 44. Kf4 Bb1 45. Kg5 Bd3 46. f6 Bc2 1/2-1/2

[Event "Llinars del Valles Tardor op 6th"]
[Site "Llinars del Valles"]
[Date "2014.10.24"]
[Round "4"]
[White "Muhammad, Shiekh Ali"]
[Black "Perez, Gonzalo"]
[Result "1/2-1/2"]
[WhiteElo "1856"]
[BlackElo "1729"]
[PlyCount "48"]
[EventDate "2014.10.03"]
[EventType "swiss"]
[EventRounds "8"]
[EventCountry "ESP"]
[SourceTitle "CBM 163 Extra"]
[Source "ChessBase"]
[SourceDate "2014.12.23"]
[SourceVersion "1"]
[SourceVersionDate "2014.12.23"]
[SourceQuality "1"]

1. e4 d5 2. exd5 Qxd5 3. Nc3 Qa5 4. d4 Nf6 5. Bd3 c6 6. Bd2 e5 7. Qe2 Bd6 8. Ne4 Bb4 9. Nd6+ Ke7 10. Qxe5+ Qxe5+ 11. dxe5 Bxd2+ 12. Kxd2 Ng4 13. Nxc8+ Rxc8 14. Nf3 Nxe5 15. Rae1 Kf6 16. Re3 Rd8 17. Re4 Na6 18. Rhe1 Nxd3 19. cxd3 Nc5 20. Rf4+ Kg6 21. Rg4+ Kf6 22. Rf4+ Kg6 23. Rg4+ Kf6 24. Rf4+ Kg6 1/2-1/2

[Event "Vall del Tenes op 3rd"]
[Site "Santa Eulalia de Roncana"]
[Date "2014.05.16"]
[Round "4"]
[White "Muhammad, Shiekh Ali"]
[Black "Navines Monfa, Josep"]
[Result "0-1"]
[WhiteElo "1766"]
[BlackElo "1847"]
[PlyCount "34"]
[EventDate "2014.04.25"]
[EventType "swiss"]
[EventRounds "8"]
[EventCountry "ESP"]
[SourceTitle "CBM 160 Extra"]
[Source "ChessBase"]
[SourceDate "2014.07.01"]
[SourceVersion "1"]
[SourceVersionDate "2014.07.01"]
[SourceQuality "1"]

1. e4 e5 2. Nf3 Nc6 3. Bb5 Nd4 4. Nxd4 exd4 5. d3 Bb4+ 6. Bd2 Bxd2+ 7. Qxd2 Nf6 8. c3 c6 9. Ba4 Qb6 10. Bb3 0-0 11. Qf4 d5 12. e5 dxc3 13. exf6 Re8+ 14. Kd1 cxb2 15. Qg5 Bg4+ 16. Qxg4 g6 17. Qh4 bxa1Q 0-1

[Event "Llinars del Valles op 5th"]
[Site "Llinars del Valles"]
[Date "2013.11.22"]
[Round "7"]
[White "Muhammad, Shiekh Ali"]
[Black "Hernandez Bermudez, Alberto"]
[Result "1/2-1/2"]
[WhiteElo "1700"]
[BlackElo "1826"]
[PlyCount "62"]
[EventDate "2013.10.04"]
[EventType "swiss"]
[EventRounds "8"]
[EventCountry "ESP"]
[SourceTitle "CBM 157 Extra"]
[Source "ChessBase"]
[SourceDate "2013.12.19"]
[SourceVersion "1"]
[SourceVersionDate "2013.12.19"]
[SourceQuality "1"]

1. e4 e5 2. Nf3 Nc6 3. Bb5 a6 4. Ba4 Nf6 5. 0-0 d6 6. Re1 Bg4 7. c3 Be7 8. d3 0-0 9. Nbd2 b5 10. Bc2 Qc8 11. Nf1 Re8 12. h3 Bd7 13. Ng3 Nd8 14. Nh2 c5 15. a4 Ne6 16. axb5 axb5 17. Rxa8 Qxa8 18. Nf5 Bf8 19. Qf3 Qd8 20. Qg3 g6 21. Nh6+ Bxh6 22. Bxh6 Nh5 23. Qf3 Ng5 24. Bxg5 Qxg5 25. Ng4 Bxg4 26. Qxg4 Qxg4 27. hxg4 Nf6 28. g5 Nd7 29. Ra1 Kf8 30. Bb3 c4 31. dxc4 Nc5 1/2-1/2

[Event "Llinars del Valles op 5th"]
[Site "Llinars del Valles"]
[Date "2013.11.08"]
[Round "5"]
[White "Vidal Palou, Jordi"]
[Black "Muhammad, Shiekh Ali"]
[Result "1-0"]
[WhiteElo "1930"]
[BlackElo "1700"]
[PlyCount "77"]
[EventDate "2013.10.04"]
[EventType "swiss"]
[EventRounds "8"]
[EventCountry "ESP"]
[SourceTitle "CBM 157 Extra"]
[Source "ChessBase"]
[SourceDate "2013.12.19"]
[SourceVersion "1"]
[SourceVersionDate "2013.12.19"]
[SourceQuality "1"]

1. d4 d5 2. Nf3 Nf6 3. Bf4 Bf5 4. c4 c6 5. Qb3 Qb6 6. c5 Qxb3 7. axb3 Bxb1 8. Rxb1 Na6 9. e3 Nb4 10. Nd2 Kd7 11. Be2 Nc2+ 12. Kd1 Nb4 13. f3 Nh5 14. Bg5 g6 15. e4 e5 16. exd5 cxd5 17. g4 f6 18. gxh5 fxg5 19. hxg6 h6 20. h4 Be7 21. h5 exd4 22. Bb5+ Kc7 23. Re1 Bxc5 24. Rc1 Kd6 25. Ke2 a6 26. Bd3 Rae8+ 27. Be4 b6 28. Kf1 dxe4 29. Nxe4+ Rxe4 30. Rxe4 d3 31. Rce1 Kd7 32. f4 g4 33. f5 g3 34. g7 Rg8 35. f6 g2+ 36. Kxg2 Bf8 37. Kf3 Bxg7 38. fxg7 Rxg7 39. Rxb4 1-0